00964aam a2200349 450000500170000000800410001702000150005804100080007308200150008110000330009624500390012925000160016826000130018426000200019726000090021730000180022649000290024465000190027365000230029265000320031565000130034765000240036065000260038465000270041065000310043794200120046899900150048095200290049595200300052495200300055495200300058420260213193108.0150407b2013 xxu||||| |||| 00| 0 spa d a9583505137 aESP a364 EL37m2 aElbert, Carlos Alberto94747 aManual básico de criminología. a2 edición aColombia bEditorial Temis c2005 a282 páginas aInvestigación Criminal aCRIMINOLOGÍA aSABER CIENTÍFICO aPOSITIVISMO CRIMINOLÓGICO aCONFLITO aORIGEN CIENTÍFICO aSOCIOLOGÍA CRIMINAL aSOCIOLOGÍA CRÍTICA aSOCIOLOGÍA DEL CONFLICTO cBK2ddc c4216d4216 o364 EL37m2p8775xICyBK o364 EL37m2p13688xICyBK o364 EL37m2p20402xICyBK o364 EL37m2p20403xICyBK